Assamar Arthanaitik Bhugul Bigyan / (Record no. 45766)
[ view plain ]
| 000 -LEADER | |
|---|---|
| fixed length control field | 00753nam a2200277Ia 4500 |
| 001 - CONTROL NUMBER | |
| control field | 45801 |
| 005 - DATE AND TIME OF LATEST TRANSACTION | |
| control field | 20240114003726.0 |
| 007 - PHYSICAL DESCRIPTION FIXED FIELD--GENERAL INFORMATION | |
| fixed length control field | ta |
| 008 - FIXED-LENGTH DATA ELEMENTS--GENERAL INFORMATION | |
| fixed length control field | 090322s1973 a g b000 u u |
| 020 ## - INTERNATIONAL STANDARD BOOK NUMBER | |
| Terms of availability | Rs. 05.50 (Hard) |
| 040 ## - CATALOGING SOURCE | |
| Original cataloging agency | Cotton College,Assam |
| 082 ## - DEWEY DECIMAL CLASSIFICATION NUMBER | |
| Classification number | 910.154162 |
| Item number | G 669 As |
| 100 ## - MAIN ENTRY--PERSONAL NAME | |
| Personal name | Goswami, Dinesh Chandra . |
| 245 #0 - TITLE STATEMENT | |
| Title | Assamar Arthanaitik Bhugul Bigyan / |
| Statement of responsibility, etc. | Dinesh Chandra Goswami. |
| Medium | Textual Documents |
| 250 ## - EDITION STATEMENT | |
| Edition statement | 1st / |
| 260 ## - PUBLICATION, DISTRIBUTION, ETC. | |
| Place of publication, distribution, etc. | Nalbari : |
| Name of publisher, distributor, etc. | Sharma Brothers & Co. , |
| Date of publication, distribution, etc. | 1973. |
| 300 ## - PHYSICAL DESCRIPTION | |
| Extent | 251p. : |
| Other physical details | ill. ; |
| Dimensions | 12 cm. . |
| 365 ## - TRADE PRICE | |
| Price type code | Rs. 05.50 |
| 653 ## - INDEX TERM--UNCONTROLLED | |
| Uncontrolled term | T/G-Geography |
| 942 ## - ADDED ENTRY ELEMENTS (KOHA) | |
| Source of classification or shelving scheme | Dewey Decimal Classification |
| Koha item type | Books |
| Withdrawn status | Lost status | Damaged status | Not for loan | Collection | Home library | Current library | Date acquired | Coded location qualifier | Cost, normal purchase price | Total checkouts | Full call number | Barcode | Date last seen | Copy number | Price effective from | Koha item type |
|---|---|---|---|---|---|---|---|---|---|---|---|---|---|---|---|---|
| Dr. Suryya Kumar Bhuyan Library | Dr. Suryya Kumar Bhuyan Library | 01/02/2012 | 00000 | 5.50 | 910.154162 G 669 As | 71644 | 14/01/2024 | 4 | 01/02/2012 | Books | ||||||
| Dr. Suryya Kumar Bhuyan Library | Dr. Suryya Kumar Bhuyan Library | 01/02/2012 | 00000 | 5.50 | 910.154162 G 669 As | 71637 | 14/01/2024 | 2 | 01/02/2012 | Books | ||||||
| Dr. Suryya Kumar Bhuyan Library | Dr. Suryya Kumar Bhuyan Library | 01/02/2012 | 00000 | 5.50 | 910.154162 G 669 As | 71639 | 14/01/2024 | 1 | 01/02/2012 | Books | ||||||
| Dr. Suryya Kumar Bhuyan Library | Dr. Suryya Kumar Bhuyan Library | 01/02/2012 | 00000 | 5.50 | 910.154162 G 669 As | 71643 | 14/01/2024 | 3 | 01/02/2012 | Books |
